MARC

LEADER 00000cam a2200000 7i4500
001 0000025326
005 20140811.0
008 140516 my a eng
040 |a INS 
090 0 0 |a M355 
110 1 |a Better spoken english course ,   |d 2013 24 - 27 June   |c INSPEN, Bangi 
245 0 0 |a Better spoken english course :   |b 24 - 27 June 2013   |c Organised by Management and Information Technology Centre, INSPEN 
260 |a Bangi :   |b Institut Penilaian Negara ,   |c 2013 
300 |a 1v. ( Various paging ) :   |b ill. ;   |c 30 cm. 
650 0 |a English language   |x Study and teaching 
710 1 |a INSPEN (Institut Penilaian Negara) 
856 |u http://app.inspen.gov.my:7779/pls/portal/docs/PAGE/CORPORATEPAGES/PORTAL_INSPEN/NOTA_KURSUS/MANAGEMENT/BETTER%20SPOKEN%20ENGLISH%20COURSE_0.PDF 
999 |a M000000820   |b BOOK   |c Course Notes   |e Default branch 
999 |a M000000821   |b BOOK   |c Course Notes   |e Default branch 
999 |a M000000878   |b BOOK   |c Course Notes   |e Default branch